000 00720nam a2200253 a 4500
001 BRL_222
005 20190320210637.0
008 010102s2000 mx-a#####b---#000-0#spa-#
020 _a9685011117
041 _aspa
044 _amx
050 4 _aN910.M344
_b.E44 2000
100 1 _aEmerich, Luis Carlos
_923272
245 1 0 _aGalería Pecanins, la siempre vivaz
_cLuis Carlos Emerich.
260 _aMéxico
_bTurner Libros
_c2000
300 _a151 p.
_bil.
_c21 cm.
500 _aAu293
504 _aEstado físico: Encuadernación desprendida
610 2 4 _aGalería Pecanins
_xHistoria
_923273
650 1 4 _aArte mexicano
_ySiglo XX
_94500
710 2 _aGalería Pecanins
_923274
902 _aGRL
942 _2lcc
_cB
999 _c9035
_d9035